| 000 | 00443nmm a2200157Ia 4500 | ||
|---|---|---|---|
| 008 | 251105s9999||||xx |||||||||||||||||und|| | ||
| 020 | _a9789568601058 | ||
| 041 | _aspa | ||
| 100 | _aBloch, Susana | ||
| 245 | 0 | _aAl alba de las emociones | |
| 264 |
_a[Santiago de Chile, Chile] : _bUqbar, _c2008 |
||
| 300 | _a290 páginas | ||
| 650 | _aFolklore & Popular Culture | ||
| 856 | _uhttps://public.digitaliapublishing.com/a/21279 | ||
| 942 | _cCF | ||
| 999 |
_c94734 _d94734 |
||